000 00307 a2200145 4500
001 165225
020 _a
040 _cMagnum
100 _aRojo, Roxane (Org.)
240 1 0 _aAlfabetizacao e letramento
_lpor
245 1 0 _aAlfabetizacao e letramento
362 0 _a1899
697 _aENSINO
942 _cBK
999 _c165225
_d165225